| 000 | 00555nam a22001817a 4500 | ||
|---|---|---|---|
| 005 | 20251108172739.0 | ||
| 008 | 250721s2003 xx 000 0 ara d | ||
| 082 | 1 | 4 | _a371.26/عز |
| 100 | 1 |
_aعز الدين، أبو النجا أحمد _eمؤلف |
|
| 245 | 1 | 0 | _aقلق الإمتحان / |
| 264 | 1 |
_aالقاهرة : _bمكتبة جزيرة الورد، _c2003. |
|
| 300 | _a125ص | ||
| 650 | 1 | 7 | _aالإمتحانات |
| 650 | 1 | 7 | _aعلم النفس التربوي |
| 700 | 1 | _aبدران، عمرو حسن | |
| 942 |
_2ddc _cBK |
||
| 999 |
_c87472 _d87472 |
||